000 00564nam a2200229Ia 4500
003 OSt
005 20220918202014.0
006 a|||||r|||| 00| 0
007 ta
008 220917b |||||||| |||| 00| 0 eng d
024 _a98,060
037 _cTextual
040 _aARTS
_cARTS
_beng
041 _2eng
_aeng
082 _aV2:19wM12, H3
100 _aGupta H R
_9101732
245 0 _aLife and work of Mohan Lal Kashmiri
260 _c1943
650 _aHISTORY
942 _hV2:19wM12, H3
_cTEXL
_2CC
999 _c221654
_d221654